Set 7.5 : TFT - Statistiques

Statistiques générales
  • Ce quiz a été pris 60 fois
  • Le résultat moyen est 82 sur 162
Statistiques - réponses
Réponse % Correct
Synergies Dragon
78%
Cosmique | Dragon | Ensorceleur Aurelion Sol
76%
Synergies Combattant
73%
Synergies Lagon
73%
Synergies Jade
70%
Cosmique | Métamorphe Nidalee
70%
Jade | Métamorphe Gnar
68%
Dracomancien | Furiaile Sett
68%
Dragon | Furiaile | Métamorphe Shyvana
68%
Synergies cosmique
65%
Dracomancien | Jade Karma
65%
Synergies Mage
65%
Combattant | Lagon Malphite
65%
Dracomancien | Guerrier | Mirage Yasuo
65%
Cosmique | Mage Lux
62%
Cosmique | Viftireur Varus
62%
Furiaile | Viftireur Xayah
62%
Guerrier | Mirage Yone
62%
Gardien | Lagon Zac
62%
Combattant | Cosmique Skarner
59%
Barde | Guilde | Mystique Bard
57%
Synergies Barde
57%
Brise-écaille | Gardien Braum
57%
Assassin | Brise-écaille Diana
57%
Cavalier | Furiaile Hecarim
57%
Combattant | Jade | Luminécaille Jax
57%
Ensorceleur | Lagon | Mystique Seraphine
57%
Cosmique | Mage Vladimir
57%
Guilde | Métamorphe Jayce
54%
Brise-écaille | Combattant | Guerrier Olaf
54%
Cavalier | Guilde Sejuani
54%
Canonnier | Furiaile Senna
54%
Lagon | Mage Taliyah
54%
Canonnier | Lagon Zeri
54%
Ailes noires | Canonnier Aphelios
51%
Synergies Gardien
51%
Synergies Guilde
51%
Dracomancien | Lagon Kai'sa
51%
Dracomancien | Tempête Lee sin
51%
Gardien | Mirage Leona
51%
Synergies Métamorphe
51%
Furiaile | Gardien | Mystique Rakan
51%
Ailes noires | Assassin Rengar
51%
Jade | Stellomancienne Soraka
51%
Combattant | Dragon | Murmures Sy'fen
51%
Combattant | Mage | Murmures Sylas
51%
Synergies Tempête
51%
Guilde | Viftireur Twitch
51%
Dragon | Tempête Ao Shin
49%
Synergies Assassin
49%
Brise-écaille | Cavalier | Mage Lillia
49%
Synergies Mirage
49%
Assassin | Lagon Nilah
49%
Dragon | Jade | Mystique Shi oh yu
49%
Synergies Furiaile
46%
Gardien | Luminécaille Nasus
46%
Dracomancien | Luminécaille Volibear
46%
Mage | Voleuse de sort Zoe
46%
Luminécaille Zoé
46%
Synergies Cavalier
43%
Dragon | Mirage Daeja
43%
Tempête | Viftireur Ezreal
43%
Synergies Luminécaille
43%
Cavalier | Mirage Nunu
43%
Dragon | Guilde Zippy
43%
Synergies Brise-écaille
41%
Canonnier | Tempête Graves
41%
Synergies Guerrier
41%
Dragon | Gardien | Luminécaille Idas
41%
Ensorceleur | Murmures Zyra
41%
Synergies Dracomancien
38%
Synergies Mystique
38%
Guerrier | Murmures Pantheon
38%
Assassin | Tempête Qiyana
38%
Ailes noires | Cavalier Rell
38%
Guerrier | Jade Wukong
38%
Synergies Canonnier
35%
Synergies Murmures
35%
Dragon | Lagon | Mage Sohm
35%
Dragon | Monolithe Terra
35%
Synergies Viftireur
35%
Synergies ailes noires
32%
Synergies Ensorceleur
30%
Dragon | Prodige Miamsy
27%
Ailes noires Swain tyran
27%
Dragon Swain Tyran
27%
Synergies Prodige
22%
Synergies Voleuse de sort
22%
Synergies Stellomancienne
19%
Synergies Monolithe
11%
Aucun quiz correspondant
Distribution des résultats
% des personnes avec chaque résultat
Percentile par nombre de réponses
Votre historique - résultats
Vous n’avez pas pris ce quiz